The Human Body in Health and Illness (Record no. 18255)
[ view plain ]
| 000 -LEADER | |
|---|---|
| fixed length control field | 00467nam a22001697a 4500 |
| 008 - FIXED-LENGTH DATA ELEMENTS--GENERAL INFORMATION | |
| fixed length control field | 200228b xxu||||| |||| 00| 0 eng d |
| 020 ## - INTERNATIONAL STANDARD BOOK NUMBER | |
| International Standard Book Number | 0323498449 |
| 050 ## - LIBRARY OF CONGRESS CALL NUMBER | |
| Classification number | QP34.5 |
| Item number | .H47 2018 c.1 |
| 100 ## - MAIN ENTRY--PERSONAL NAME | |
| Personal name | Herlihy, Barbara |
| 245 ## - TITLE STATEMENT | |
| Title | The Human Body in Health and Illness |
| Statement of responsibility, etc. | Barbara Herlihy |
| 250 ## - EDITION STATEMENT | |
| Edition statement | 6th ed. |
| 260 ## - PUBLICATION, DISTRIBUTION, ETC. (IMPRINT) | |
| Place of publication, distribution, etc. | Missouri |
| Name of publisher, distributor, etc. | Elsevier |
| Date of publication, distribution, etc. | 2018 |
| 300 ## - PHYSICAL DESCRIPTION | |
| Extent | xv, 572p. |
| 650 ## - SUBJECT ADDED ENTRY--TOPICAL TERM | |
| Topical term or geographic name as entry element | Physiological Phenomena |
| 650 ## - SUBJECT ADDED ENTRY--TOPICAL TERM | |
| Topical term or geographic name as entry element | Pathologic process |
| 942 ## - ADDED ENTRY ELEMENTS (KOHA) | |
| Source of classification or shelving scheme | Library of Congress Classification |
| Koha item type | General Collection |
| Withdrawn status | Lost status | Source of classification or shelving scheme | Not for loan | Home library | Current library | Date acquired | Cost, normal purchase price | Total Checkouts | Full call number | Barcode | Date last seen | Date last checked out | Price effective from | Koha item type | Total Renewals |
|---|---|---|---|---|---|---|---|---|---|---|---|---|---|---|---|
| Library of Congress Classification | Kabarak, Main Campus | Kabarak, Main Campus | 28/02/2020 | 7027.00 | 7 | QP34.5 .H47 2018 c.1 | 028700 | 14/10/2024 | 03/10/2024 | 28/02/2020 | General Collection | ||||
| Library of Congress Classification | Kabarak, Main Campus | Kabarak, Main Campus | 28/02/2020 | 7027.00 | 10 | QP34.5 .H47 2018 c.2 | 028701 | 16/06/2025 | 30/05/2025 | 28/02/2020 | General Collection | ||||
| Library of Congress Classification | Kabarak, Main Campus | Kabarak, Main Campus | 28/02/2020 | 7027.00 | 8 | QP34.5 .H47 2018 c.3 | 028702 | 07/07/2025 | 21/06/2025 | 28/02/2020 | General Collection | 1 |